<?xml version="1.0" encoding="UTF-8"?>
<record
    xmlns:xsi="http://www.w3.org/2001/XMLSchema-instance"
    xsi:schemaLocation="http://www.loc.gov/MARC21/slim http://www.loc.gov/standards/marcxml/schema/MARC21slim.xsd"
    xmlns="http://www.loc.gov/MARC21/slim">

  <leader>00751nam a2200205 i 4500</leader>
  <controlfield tag="001">189225</controlfield>
  <controlfield tag="003">ES-MaACL</controlfield>
  <controlfield tag="005">20240104173935.0</controlfield>
  <controlfield tag="008">190429s2016    sp           |||| | spa d</controlfield>
  <datafield tag="020" ind1=" " ind2=" ">
    <subfield code="a">978-84-946273-2-3</subfield>
  </datafield>
  <datafield tag="100" ind1="1" ind2=" ">
    <subfield code="a">Chac&#xF3;n Sanchidri&#xE1;n, Rub&#xE9;n.</subfield>
    <subfield code="9">166913</subfield>
  </datafield>
  <datafield tag="245" ind1="1" ind2="0">
    <subfield code="a">Reflexiones de pel&#xED;cula </subfield>
    <subfield code="b">: el cine como excusa para pensar / </subfield>
    <subfield code="c">Rub&#xE9;n Chac&#xF3;n Sanchidri&#xE1;n.</subfield>
  </datafield>
  <datafield tag="260" ind1=" " ind2=" ">
    <subfield code="a">[Guadalajara] : </subfield>
    <subfield code="b">L&#xE1;pizCero, </subfield>
    <subfield code="c">[2016]</subfield>
  </datafield>
  <datafield tag="300" ind1=" " ind2=" ">
    <subfield code="a">217 p. : </subfield>
    <subfield code="b">il. ; </subfield>
    <subfield code="c">21 cm.</subfield>
  </datafield>
  <datafield tag="650" ind1=" " ind2="4">
    <subfield code="a">Cine-</subfield>
    <subfield code="x">Filosof&#xED;a.</subfield>
    <subfield code="9">166914</subfield>
  </datafield>
  <datafield tag="852" ind1=" " ind2=" ">
    <subfield code="a">ES-MaACL</subfield>
    <subfield code="j">A-14514</subfield>
    <subfield code="9">196363</subfield>
    <subfield code="b">R.152678</subfield>
    <subfield code="c">DEPO1</subfield>
    <subfield code="d">Olim: N-7514</subfield>
    <subfield code="h">Donaci&#xF3;n: Rub&#xE9;n Chac&#xF3;n Sanchidri&#xE1;n</subfield>
  </datafield>
  <datafield tag="903" ind1=" " ind2=" ">
    <subfield code="9">166913</subfield>
    <subfield code="a">Chac&#xF3;n Sanchidri&#xE1;n, Rub&#xE9;n</subfield>
    <subfield code="e">dnr</subfield>
  </datafield>
  <datafield tag="942" ind1=" " ind2=" ">
    <subfield code="2">udc</subfield>
    <subfield code="c">MONOGRAFIA</subfield>
  </datafield>
  <datafield tag="999" ind1=" " ind2=" ">
    <subfield code="c">189225</subfield>
    <subfield code="d">189225</subfield>
  </datafield>
  <datafield tag="952" ind1=" " ind2=" ">
    <subfield code="0">0</subfield>
    <subfield code="1">0</subfield>
    <subfield code="2">udc</subfield>
    <subfield code="4">0</subfield>
    <subfield code="7">0</subfield>
    <subfield code="a">ATENEOM</subfield>
    <subfield code="b">ATENEOM</subfield>
    <subfield code="c">DEPO1</subfield>
    <subfield code="d">2019-04-29</subfield>
    <subfield code="e">DONACION</subfield>
    <subfield code="l">0</subfield>
    <subfield code="o">A-14514</subfield>
    <subfield code="p">1200425</subfield>
    <subfield code="r">2023-02-23 00:00:00</subfield>
    <subfield code="w">2023-02-23</subfield>
    <subfield code="y">MONOGRAFIA</subfield>
  </datafield>
</record>
